书目信息 |
| 题名: |
科坛漫话
|
|
| 作者: | 钱三强 著 | |
| 分册: | ||
| 出版信息: | 北京 知识出版社 1984 |
|
| 页数: | 279页 | |
| 开本: | 21cm | |
| 丛书名: | ||
| 单 册: | ||
| 中图分类: | N52 | |
| 科图分类: | ||
| 主题词: | 自然科学--全集 , 自然科学--选集 | |
| 电子资源: | ||
| ISBN: | ||
| 000 | 00639nam0 2200253 45 | |
| 001 | 0184002617 | |
| 005 | 20040630082112.9 | |
| 010 | @dCNY1.40 | |
| 091 | @a7214.44 | |
| 100 | @a19950425d1984 em y0chiy0121 ea | |
| 101 | 0 | @achi |
| 102 | @aCN@b110000 | |
| 105 | @af z 000yy | |
| 106 | @ar | |
| 200 | 10 | @a科坛漫话@Ake tan man hua@f钱三强著 |
| 210 | @a北京@c知识出版社@d1984 | |
| 215 | @a279页@c照片@d21cm | |
| 606 | @a自然科学@x全集 | |
| 606 | 0 | @a自然科学@x选集 |
| 690 | @aN52@v3 | |
| 701 | 0 | @a钱三强@Aqian san qiang@4著 |
| 801 | 0 | @aCN@b上海图书馆@c20040519 |
| 801 | 2 | @aCN@bNLC@c20040519 |
| 905 | @f1@b124179@dN52@e135 | |
| 科坛漫话/钱三强著.-北京:知识出版社,1984 |
| 279页:照片;21cm |
| ISBN :CNY1.40 |
| ● |
| 相关链接 |
|
|
|
|
正题名:科坛漫话
索取号:N52/135
 
预约/预借
| 序号 | 登录号 | 条形码 | 馆藏地/架位号 | 状态 | 备注 |
| 1 | 0124179 | 001934081 | 第三借阅区/ [索取号:N52/135] | 在馆 | |
| 2 | 0124181 | 001201103 | 第三借阅区/ [索取号:N52/135] | 在馆 | |
| 3 | 0124182 | 001201096 | 第三借阅区/ [索取号:N52/135] | 在馆 | |
| 4 | 0124183 | 001201158 | 第二样本阅览室/ [索取号:N52/135] | 在馆 |